Handbook of attachment : theory, research, and clinical applications
Αποθηκεύτηκε σε:
| Άλλοι συγγραφείς: | , |
|---|---|
| Μορφή: | Βιβλίο |
| Γλώσσα: | English |
| Δημοσίευση: |
New York :
The Guilford Press,
1999
|
| Θέματα: | |
| Ετικέτες: |
Προσθήκη ετικέτας
Δεν υπάρχουν, Καταχωρήστε ετικέτα πρώτοι!
|
MARC
| LEADER | 00000nam a2200000 i 4500 | ||
|---|---|---|---|
| 001 | 1/17183 | ||
| 008 | 010212s1999 eng d | ||
| 020 | |a 1-57230-087-6 | ||
| 035 | |l 10066042 | ||
| 040 | |a GR-MY-UA |b gre |e aacr | ||
| 041 | 0 | |a eng | |
| 082 | 0 | |a 155.92 | |
| 245 | 1 | 0 | |a Handbook of attachment : |b theory, research, and clinical applications / |c edited by Jude Cassidy, Phillip R. Shaver |
| 260 | |a New York : |b The Guilford Press, |c 1999 | ||
| 300 | |a 925 p. | ||
| 650 | 0 | 0 | |a Attachment behavior. |
| 650 | 0 | 0 | |a Attachment behavior in children. |
| 700 | 1 | |a Cassidy, Jude. |4 edt | |
| 700 | 1 | |a Shaver, Phillip R. |4 edt | |
| 852 | |a INST |b RHODES |e 20010212 |h 155.92 HAN |p 005400017279 |q 005400017279 |t BK |y 0 | ||
| 901 | |a BIBL4-2001-1 | ||
| 909 | |a Ρ |b 084004 | ||
| 922 | |a 4ΕΛΗ |b 200011 |c ΚΠΣ/Ν | ||
| 950 | |a 096-2000-09-18 | ||
| 970 | |a ΚΟΥΛΑΚΙΟΤΗ |b ΛΙΤΣΑ |z 2001/02/12 | ||